| 000 | 00394cam a2200157ua 4500 | ||
|---|---|---|---|
| 041 |
_aeng _h |
||
| 082 |
_a671.36 _bZAK/HE |
||
| 100 | _aZakharov, B . | ||
| 245 |
_aHeat treatment of metals / _cB.Zakharov. _hTextual Documents |
||
| 250 |
_a / _b. |
||
| 260 |
_aMoscow : _bForeign Language Publishing House , _c1957. |
||
| 300 | _a295 ; . | ||
| 504 | _a | ||
| 942 | _cBK | ||
| 999 |
_c2273 _d2273 |
||